[Event "Intermat"]
[Site "Vancouver CAN"]
[Date "2018.05.05"]
[Round "2.1"]
[White "Jammalamadaka, Vihaan"]
[Black "Wu, Nicholas"]
[Result "0-1"]
[WhiteElo "1151"]
[BlackElo "868"]
[PlyCount "96"]
[EventDate "2018.05.05"]
[EventType "team"]
[EventRounds "2"]
[EventCountry "CAN"]

1. d4 d5 2. c4 dxc4 3. e4 b5 4. Nc3 a6 5. Nf3 Bb7 6. Bg5 h6 7. Bf4 Nf6 8. e5
Nd5 9. Nxd5 Qxd5 10. Be2 e6 11. Nh4 g5 12. Bf3 Qd7 13. Bxb7 Ra7 14. Qf3 gxf4
15. Rd1 Be7 16. d5 Bxh4 17. dxe6 Qxe6 18. O-O Qb6 19. Qd5 Qxb7 20. Qd2 Rg8 21.
g3 fxg3 22. hxg3 Bg5 23. f4 Be7 24. f5 Rxg3+ 25. Kf2 Bc5+ 26. Ke1 Qe4+ 27. Qe2
Re3 28. Rd2 Bb4 29. Rf2 Bxd2+ 30. Kxd2 Rxe2+ 31. Rxe2 Qxf5 32. Ke3 Qxe5+ 33.
Kf2 Qxe2+ 34. Kxe2 Nc6 35. Kf3 Ke7 36. Kg4 Ra8 37. Kh5 Rh8 38. b3 cxb3 39. axb3
a5 40. Kg4 a4 41. bxa4 bxa4 42. Kf3 a3 43. Ke2 a2 44. Ke1 a1=Q+ 45. Ke2 Rb8 46.
Kd2 Qa3 47. Kc2 Rb2+ 48. Kc1 Qa1# 0-1

[Event "Intermat"]
[Site "Vancouver CAN"]
[Date "2018.05.05"]
[Round "2.2"]
[White "Kang, Ayaan"]
[Black "Yang, Nathan"]
[Result "1/2-1/2"]
[WhiteElo "1250"]
[BlackElo "606"]
[PlyCount "54"]
[EventDate "2018.05.05"]
[EventType "team"]
[EventRounds "2"]
[EventCountry "CAN"]

1. e4 e5 2. Nf3 Nc6 3. Nc3 Nf6 4. Bb5 a6 5. Bxc6 bxc6 6. Nxe5 Bd6 7. d4 O-O 8.
Bf4 Be7 9. O-O d6 10. Nf3 Bg4 11. h3 Bxh3 12. gxh3 Qd7 13. e5 Nd5 14. Nxd5 cxd5
15. exd6 cxd6 16. Re1 Rae8 17. Re3 Qxh3 18. Qd2 Qg4+ 19. Bg3 Bg5 20. Rxe8 Bxd2
21. Rxf8+ Kxf8 22. Nxd2 Qxd4 23. Bxd6+ Kg8 24. Re1 Qg4+ 25. Kh1 Qh4+ 26. Kg1
Qg4+ 27. Kh1 Qh4+ 1/2-1/2

[Event "Intermat"]
[Site "Vancouver CAN"]
[Date "2018.05.05"]
[Round "2.3"]
[White "Chinni, Rishabh"]
[Black "Gao, Justin"]
[Result "1/2-1/2"]
[WhiteElo "1261"]
[BlackElo "829"]
[PlyCount "154"]
[EventDate "2018.05.05"]
[EventType "team"]
[EventRounds "2"]
[EventCountry "CAN"]

1. d4 d5 2. Nc3 Bf5 3. Nf3 Nc6 4. e3 a6 5. Bd3 e6 6. O-O Nf6 7. Bd2 Bd6 8. Re1
O-O 9. e4 Bg4 10. e5 Be7 11. exf6 Bxf6 12. Be2 Bxd4 13. Nxd4 e5 14. Nxc6 Bxe2
15. Nxd8 Bxd1 16. Raxd1 Raxd8 17. Rxe5 d4 18. Nd5 c6 19. Ne7+ Kh8 20. Bb4 Rfe8
21. Ng6+ fxg6 22. Rxe8+ Rxe8 23. Rxd4 c5 24. Rc4 cxb4 25. f3 h6 26. Rxb4 Re2
27. Rxb7 Rxc2 28. Rb8+ Kh7 29. h4 Rd2 30. Kh2 h5 31. Kh3 Rc2 32. g3 Rf2 33. f4
Rc2 34. Ra8 Rxb2 35. Rxa6 Rc2 36. Ra5 Rb2 37. f5 gxf5 38. Rxf5 Kg6 39. Rg5+ Kh6
40. a4 Ra2 41. a5 Ra3 42. Kg2 g6 43. Rb5 Kg7 44. Rc5 Kf6 45. Rc6+ Kg7 46. a6
Kh6 47. Kh3 Ra4 48. Rd6 Ra1 49. Rc6 Ra4 50. Kh2 Ra2+ 51. Kh1 Ra4 52. Kh2 Ra2+
53. Kg1 Ra4 54. Kf1 Ra1+ 55. Kf2 Ra3 56. Kg2 Ra5 57. Kh3 Ra3 58. Rb6 Ra5 59.
Rb8 Rxa6 60. Rb4 Ra2 61. g4 Ra3+ 62. Kg2 Ra2+ 63. Kf3 Ra3+ 64. Kf4 hxg4 65.
Kxg4 Ra5 66. Rb6 Ra4+ 67. Kh3 Ra3+ 68. Kg4 Ra4+ 69. Kg3 Ra3+ 70. Kh2 Ra2+ 71.
Kg3 Ra3+ 72. Kg2 Ra2+ 73. Kf3 Ra3+ 74. Kf4 Ra4+ 75. Kg3 Ra3+ 76. Kf2 Ra2+ 77.
Kg3 Ra3+ 1/2-1/2

[Event "Intermat"]
[Site "Vancouver CAN"]
[Date "2018.05.05"]
[Round "2.4"]
[White "Shi, Ted"]
[Black "Jiang, William"]
[Result "1-0"]
[WhiteElo "1466"]
[BlackElo "767"]
[PlyCount "81"]
[EventDate "2018.05.05"]
[EventType "team"]
[EventRounds "2"]
[EventCountry "CAN"]

1. c4 e5 2. Nc3 Nf6 3. g3 Bc5 4. Bg2 Nc6 5. e3 O-O 6. Nge2 d6 7. O-O Bg4 8. h3
Be6 9. d4 exd4 10. exd4 Bb6 11. d5 Bd7 12. dxc6 bxc6 13. b4 Rc8 14. a4 a5 15.
b5 cxb5 16. cxb5 Nh5 17. Bb2 Qg5 18. Kh2 f5 19. Nd5 Nf6 20. Bxf6 gxf6 21. Ne7+
Kh8 22. Nxc8 Bxc8 23. Qc1 Qh5 24. Nf4 Qh6 25. Nd5 Qh5 26. Nxb6 cxb6 27. Qc6 Rg8
28. Qxd6 Qh6 29. Qxb6 f4 30. Qd6 f3 31. Bxf3 Qxh3+ 32. Kg1 Rg6 33. Qf8+ Rg8 34.
Qxf6+ Rg7 35. Qf8+ Rg8 36. Qf4 Qd7 37. Bc6 Qe7 38. b6 Rg6 39. Rfe1 Qc5 40. Re8+
Rg8 41. Qf6# 1-0

[Event "Intermat"]
[Site "Vancouver CAN"]
[Date "2018.05.05"]
[Round "2.6"]
[White "Song, Kevin"]
[Black "Pompas, Codrin"]
[Result "1-0"]
[WhiteElo "1615"]
[BlackElo "896"]
[PlyCount "105"]
[EventDate "2018.05.05"]
[EventType "team"]
[EventRounds "2"]
[EventCountry "CAN"]

1. d4 Nf6 2. c4 g6 3. Nc3 Bg7 4. Nf3 d6 5. Bf4 O-O 6. e3 Bg4 7. Be2 Re8 8. O-O
Nbd7 9. h3 Bxf3 10. Bxf3 Rb8 11. Qd2 e5 12. Bh2 Bh6 13. Qc2 exd4 14. exd4 Nb6
15. b3 c5 16. d5 Nbd7 17. Rfe1 Qc7 18. Nb5 Qa5 19. Re2 Bg7 20. Rd1 a6 21. Nxd6
Red8 22. Rde1 Qb6 23. Ne4 Rbc8 24. Nc3 Re8 25. Rxe8+ Rxe8 26. Rxe8+ Nxe8 27.
Bf4 Qa5 28. Bd2 Nef6 29. Ne2 Qc7 30. Bf4 Qd8 31. Ng3 Qe7 32. Qd2 b5 33. Be2 Nh5
34. Nxh5 gxh5 35. Bxh5 Nf6 36. Be2 Qe4 37. Bd3 Qd4 38. Be3 Qa1+ 39. Kh2 Qe5+
40. g3 Qh5 41. Be2 Qe5 42. Bf4 Qa1 43. Bf3 Nd7 44. d6 Qf6 45. Qe2 Bf8 46. Bg4
Nb6 47. d7 Qd8 48. Qe8 Nxd7 49. Qxd8 Kg7 50. Qg5+ Kh8 51. Bxd7 f5 52. Be5+ Bg7
53. Qxg7# 1-0

[Event "Intermat"]
[Site "Vancouver CAN"]
[Date "2018.05.05"]
[Round "2.7"]
[White "Eswar, Ritesh"]
[Black "Song, Ethan"]
[Result "1-0"]
[WhiteElo "1546"]
[BlackElo "1426"]
[PlyCount "125"]
[EventDate "2018.05.05"]
[EventType "team"]
[EventRounds "2"]
[EventCountry "CAN"]

1. e4 e6 2. d4 d5 3. e5 c5 4. c3 Nc6 5. Nf3 Qb6 6. a3 a5 7. Be2 Be7 8. O-O f6
9. Re1 Bd7 10. a4 O-O-O 11. Na3 g5 12. exf6 Bxf6 13. Nxg5 cxd4 14. Nf7 dxc3 15.
Nxd8 cxb2 16. Bxb2 Bxb2 17. Rb1 Kxd8 18. Qc2 Nd4 19. Qxb2 Qxb2 20. Rxb2 Bc6 21.
Bb5 Ne7 22. Bxc6 bxc6 23. Rb8+ Nc8 24. Rd1 c5 25. Ra8 Kc7 26. Rb1 Nc6 27. Kf1
Rg8 28. Nc2 Rg4 29. h3 Rxa4 30. Ne1 c4 31. Nc2 d4 32. Ke1 Ra2 33. Nb4 Nxb4 34.
Rxb4 Nb6 35. Ra7+ Kb8 36. Ra6 axb4 37. Rxa2 b3 38. Rb2 Na4 39. Rb1 b2 40. Kd2
Kc7 41. g4 Kd6 42. f4 Ke7 43. h4 Kf6 44. h5 h6 45. g5+ Kg7 46. g6 Nc5 47. Kc2
c3 48. Rd1 Ne4 49. Rxd4 Nd2 50. Rd7+ Kf8 51. Rd8+ Ke7 52. Rb8 Kf6 53. Rb7 e5
54. fxe5+ Kg5 55. g7 b1=Q+ 56. Rxb1 Nxb1 57. g8=Q+ Kh4 58. Kxb1 c2+ 59. Kxc2
Kh3 60. Kd3 Kh4 61. Ke3 Kh3 62. Kf3 Kh4 63. Qg4# 1-0

[Event "Intermat"]
[Site "Vancouver CAN"]
[Date "2018.05.05"]
[Round "2.8"]
[White "Velea, Sophie"]
[Black "Yang, Jingyun (Ryan)"]
[Result "1-0"]
[WhiteElo "1797"]
[BlackElo "1340"]
[PlyCount "127"]
[EventDate "2018.05.05"]
[EventType "team"]
[EventRounds "2"]
[EventCountry "CAN"]

1. e4 e5 2. Nf3 Nc6 3. Nc3 Nf6 4. Bb5 Bc5 5. O-O d6 6. d3 O-O 7. Bg5 Be6 8.
Bxc6 bxc6 9. d4 exd4 10. Nxd4 Bd7 11. Kh1 h6 12. Bh4 Rb8 13. Nb3 Bb6 14. f4 Qc8
15. Bxf6 gxf6 16. f5 Be3 17. Qf3 Bb6 18. Qh5 Be3 19. Rf3 Bg5 20. h4 Kg7 21.
hxg5 hxg5 22. Rh3 Rh8 23. Qxh8+ Qxh8 24. Rxh8 Rxh8+ 25. Kg1 c5 26. g3 Rb8 27.
Rb1 Bc6 28. Kf2 Kh6 29. Nd5 Bxd5 30. exd5 Re8 31. Rh1+ Kg7 32. Re1 Rb8 33. c4
a5 34. Nxa5 Rxb2+ 35. Re2 Rb4 36. Rc2 Rb1 37. Nb3 Rh1 38. Kg2 Rh8 39. a4 Rb8
40. Nd2 g4 41. a5 Ra8 42. Nb3 Ra6 43. Kf2 Kh6 44. Ke3 Kg5 45. Rf2 Ra8 46. Kd3
Kh6 47. Re2 Kg5 48. Rf2 Kh6 49. Kc3 Re8 50. Kb2 Re3 51. Ka3 Kg5 52. a6 Re8 53.
Ka4 Rb8 54. Rb2 Kxf5 55. Ka5 Ke4 56. Nxc5+ Kf3 57. Rxb8 dxc5 58. a7 Kxg3 59.
a8=Q f5 60. Rb3+ Kg2 61. d6+ Kh2 62. Qd5 cxd6 63. Qd2+ Kg1 64. Rb1# 1-0

[Event "Intermat"]
[Site "Vancouver CAN"]
[Date "2018.05.05"]
[Round "2.9"]
[White "Li, Albert"]
[Black "Wang, Daniel"]
[Result "0-1"]
[WhiteElo "1662"]
[BlackElo "1575"]
[PlyCount "98"]
[EventDate "2018.05.05"]
[EventType "team"]
[EventRounds "2"]
[EventCountry "CAN"]

1. e4 c5 2. Nf3 d6 3. d4 cxd4 4. Nxd4 Nf6 5. Nc3 g6 6. Be3 a6 7. f3 b5 8. Qd2
Bb7 9. O-O-O Nbd7 10. Kb1 Rc8 11. g4 Ne5 12. h4 h6 13. Qf2 Nfd7 14. Rg1 Bg7 15.
Qg3 Nb6 16. g5 h5 17. Bh3 e6 18. Bxe6 Nbd7 19. Bb3 O-O 20. f4 Ng4 21. f5 Be5
22. Bf4 Kh7 23. fxg6+ fxg6 24. Bxe5 Ndxe5 25. Ne6 Qe7 26. Nxf8+ Rxf8 27. Rgf1
Rc8 28. Bd5 Bxd5 29. Nxd5 Qa7 30. Nf6+ Kg7 31. Nxg4 Nxg4 32. Qxd6 Rc7 33. Qd4+
Qxd4 34. Rxd4 Ne3 35. Rf2 Ng4 36. Rfd2 Ne5 37. Rd6 Rf7 38. Rf6 Rxf6 39. gxf6+
Kxf6 40. Rd6+ Kf7 41. Rxa6 Nf3 42. Rb6 Nxh4 43. Rxb5 Nf3 44. Rb3 Nd2+ 45. Kc1
Nxb3+ 46. cxb3 h4 47. a4 h3 48. a5 h2 49. a6 h1=Q+ 0-1

[Event "Intermat"]
[Site "Vancouver CAN"]
[Date "2018.05.05"]
[Round "2.10"]
[White "Gross, Alexander"]
[Black "Wu, Nathan"]
[Result "1-0"]
[WhiteElo "1845"]
[BlackElo "1518"]
[PlyCount "89"]
[EventDate "2018.05.05"]
[EventType "team"]
[EventRounds "2"]
[EventCountry "CAN"]

1. d4 Nf6 2. c4 g6 3. Nc3 Bg7 4. e4 d6 5. Nf3 O-O 6. Be2 c5 7. Be3 Nc6 8. d5
Nb8 9. O-O e6 10. dxe6 Bxe6 11. e5 dxe5 12. Bxc5 Qxd1 13. Rfxd1 Rc8 14. Be3 Nc6
15. Ng5 Bf5 16. Nb5 Ne8 17. g4 Be6 18. Nxe6 fxe6 19. g5 a6 20. Nc3 Nd4 21. Bg4
Nc7 22. Na4 Re8 23. Nc5 Rab8 24. Rd2 Kf7 25. f4 Red8 26. fxe5 Bxe5 27. Rad1 Nc6
28. Nd7 Rxd7 29. Rxd7+ Ne7 30. Bc5 Re8 31. Rf1+ Kg8 32. Rxe7 Bd4+ 33. Kh1 Bxc5
34. Rxc7 Bd4 35. Rd1 e5 36. Rc8 Rxc8 37. Bxc8 e4 38. Rxd4 e3 39. Re4 e2 40.
Rxe2 Kg7 41. Bxb7 a5 42. c5 h6 43. c6 hxg5 44. c7 Kh6 45. c8=Q 1-0

[Event "Intermat"]
[Site "Vancouver CAN"]
[Date "2018.05.05"]
[Round "2.11"]
[White "Wu, Dylan"]
[Black "Xu, Andrew"]
[Result "0-1"]
[WhiteElo "1677"]
[BlackElo "1554"]
[PlyCount "122"]
[EventDate "2018.05.05"]
[EventType "team"]
[EventRounds "2"]
[EventCountry "CAN"]

1. d4 Nf6 2. c4 g6 3. Nc3 d5 4. cxd5 Nxd5 5. e4 Nxc3 6. bxc3 Bg7 7. Bf4 O-O 8.
Nf3 c5 9. Be3 Qa5 10. Qc2 Nc6 11. Rd1 Rd8 12. d5 Bxc3+ 13. Bd2 Bxd2+ 14. Qxd2
Qxd2+ 15. Rxd2 Na5 16. Rc2 b6 17. Bb5 Bb7 18. O-O a6 19. Bd3 e6 20. dxe6 fxe6
21. Ne5 Nc6 22. Nxc6 Rxd3 23. Ne5 Bxe4 24. f3 Rxf3 25. Rxf3 Bxc2 26. Rc3 Be4
27. Nd7 Bc6 28. Nxb6 Rb8 29. Nc4 Bd5 30. Ne5 Rb1+ 31. Kf2 Rb2+ 32. Ke1 Rxa2 33.
Rxc5 Kg7 34. Ng4 Rxg2 35. Rc7+ Kf8 36. Rc8+ Ke7 37. Rc7+ Kd6 38. Rxh7 Rxg4 39.
Ra7 Ra4 40. Rg7 Be4 41. Rf7 Bf5 42. Rb7 a5 43. Rb6+ Kc5 44. Rb2 Ra1+ 45. Kd2 a4
46. Kc3 a3 47. Rf2 a2 48. Kb3 e5 49. Kb2 Rc1 50. Kxa2 Rc2+ 51. Rxc2+ Bxc2 52.
Kb2 Bf5 53. Kc3 e4 54. Kd2 Kd4 55. Ke2 e3 56. Ke1 Kd3 57. Kd1 Bg4+ 58. Ke1 e2
59. h4 Bh5 60. Kf2 Kd2 61. Kg3 e1=Q+ 0-1

[Event "Intermat"]
[Site "Vancouver CAN"]
[Date "2018.05.05"]
[Round "2.12"]
[White "Velea, Stephanie"]
[Black "Jiang, Kate"]
[Result "0-1"]
[WhiteElo "1764"]
[BlackElo "1483"]
[PlyCount "118"]
[EventDate "2018.05.05"]
[EventType "team"]
[EventRounds "2"]
[EventCountry "CAN"]

1. e4 e5 2. Nf3 Nc6 3. Bc4 Nf6 4. d3 Bc5 5. c3 d6 6. Nbd2 O-O 7. Bb3 a6 8. O-O
h6 9. h3 Be6 10. Re1 Re8 11. Nf1 Qd7 12. Bc2 Rad8 13. d4 exd4 14. cxd4 Bb4 15.
Bd2 Bxd2 16. Qxd2 d5 17. e5 Nh7 18. Ng3 Nf8 19. Nh4 Qc8 20. Ngf5 Bxf5 21. Nxf5
Ne6 22. Re3 Ng5 23. Rg3 Kf8 24. Nxg7 Kxg7 25. h4 Kf8 26. hxg5 Ke7 27. Qf4 Qe6
28. Bf5 Nxd4 29. Bd3 c5 30. Rc1 Rc8 31. Rh3 hxg5 32. Qxg5+ Kd7 33. Re1 Qxh3 34.
e6+ Kc6 35. Qf6 Rxe6 36. Rxe6+ Qxe6 37. Qf4 Qe1+ 38. Kh2 Qe6 39. b4 Qd6 40.
Qxd6+ Kxd6 41. bxc5+ Rxc5 42. f4 Rc3 43. Bb1 f5 44. g3 Ke6 45. Kg2 Ne2 46. Kh3
Rxg3+ 47. Kh2 Ra3 48. Kg2 Nxf4+ 49. Kf2 d4 50. Ke1 Rh3 51. Kd2 Rh2+ 52. Kd1 d3
53. a4 Rh1+ 54. Kd2 Rxb1 55. Ke3 d2 56. Kxf4 d1=Q 57. a5 Rb4+ 58. Kg5 Rg4+ 59.
Kh5 Qh1# 0-1

[Event "Intermat"]
[Site "Vancouver CAN"]
[Date "2018.05.05"]
[Round "2.13"]
[White "Gao, Jaden"]
[Black "Zhou, Aiden"]
[Result "0-1"]
[WhiteElo "1738"]
[BlackElo "2030"]
[PlyCount "88"]
[EventDate "2018.05.05"]
[EventType "team"]
[EventRounds "2"]
[EventCountry "CAN"]

1. e4 e6 2. d4 d5 3. exd5 exd5 4. Nf3 Nc6 5. Bd3 Bg4 6. h3 Bxf3 7. Qxf3 Nxd4 8.
Qe3+ Qe7 9. O-O Qxe3 10. Bxe3 Ne6 11. Re1 O-O-O 12. Nd2 d4 13. Nf3 dxe3 14.
Rxe3 Bc5 15. Re2 Nf6 16. Bf5 Kb8 17. Bxe6 fxe6 18. Rxe6 Rhe8 19. Rxe8 Rxe8 20.
Kf1 Kc8 21. Rd1 Ne4 22. Nd4 Rd8 23. c3 Bxd4 24. Rxd4 Rxd4 25. cxd4 Kd7 26. Ke2
Kd6 27. Ke3 Kd5 28. b3 Nd6 29. Kd3 Nf5 30. g3 Nxd4 31. Ke3 c5 32. Kd3 b5 33.
Kc3 c4 34. b4 Ne2+ 35. Kd2 Kd4 36. Kxe2 Kc3 37. Kd1 Kb2 38. Kd2 c3+ 39. Ke3 c2
40. Kf4 c1=Q+ 41. Kg4 Qd1+ 42. Kh4 h6 43. f4 g6 44. a4 Qh5# 0-1

[Event "Intermat"]
[Site "Vancouver CAN"]
[Date "2018.05.05"]
[Round "2.14"]
[White "Qian, Daniel"]
[Black "Gu, Chuyang"]
[Result "0-1"]
[WhiteElo "1800"]
[BlackElo "1862"]
[PlyCount "84"]
[EventDate "2018.05.05"]
[EventType "team"]
[EventRounds "2"]
[EventCountry "CAN"]

1. d4 Nf6 2. c4 e6 3. Nc3 Bb4 4. e3 O-O 5. Bd3 d5 6. Nge2 dxc4 7. Bxc4 b6 8.
O-O Bb7 9. a3 Bd6 10. f3 c5 11. e4 cxd4 12. Nxd4 Qc7 13. Ncb5 Bxh2+ 14. Kh1
Qxc4 15. Kxh2 Ba6 16. b3 Qc5 17. a4 Rd8 18. Qc2 Rxd4 19. Qxc5 bxc5 20. Be3 Rd7
21. Bxc5 Nc6 22. Rfd1 Rad8 23. Rxd7 Rxd7 24. Rc1 h6 25. Nd6 Na5 26. b4 Nb3 27.
Rc3 Nxc5 28. bxc5 Rc7 29. c6 Kf8 30. Kg3 Ke7 31. Nb5 Bxb5 32. axb5 Kd6 33. Kf4
g5+ 34. Ke3 e5 35. Kd3 Nh5 36. Kc4 Nf4 37. g4 Ne6 38. Kb4 Nd4 39. Ka5 f6 40.
Rd3 Rc8 41. Rc3 Kc7 42. Ka6 Rb8 0-1

[Event "Intermat"]
[Site "Vancouver CAN"]
[Date "2018.05.05"]
[Round "2.15"]
[White "Tien, Sophie"]
[Black "Tian, Sherry"]
[Result "0-1"]
[WhiteElo "1770"]
[BlackElo "2028"]
[PlyCount "48"]
[EventDate "2018.05.05"]
[EventType "team"]
[EventRounds "2"]
[EventCountry "CAN"]

1. e4 e6 2. d4 d5 3. Nc3 dxe4 4. Nxe4 Nd7 5. Nf3 Ngf6 6. Nxf6+ Nxf6 7. Bd3 c5
8. O-O cxd4 9. Nxd4 Bc5 10. c3 Bxd4 11. cxd4 O-O 12. Bg5 h6 13. Bh4 Bd7 14. Rc1
Bc6 15. Bb1 g5 16. Bg3 Qd5 17. f3 Qd7 18. Qd2 Nh5 19. Bf2 f5 20. h4 Qg7 21.
Rce1 Bd5 22. Kh1 g4 23. fxg4 Qxg4 24. Rg1 Qh3# 0-1

[Event "Intermat"]
[Site "Vancouver CAN"]
[Date "2018.05.05"]
[Round "2.16"]
[White "Velea, Anne Marie"]
[Black "Doknjas, Neil"]
[Result "0-1"]
[WhiteElo "2009"]
[BlackElo "1917"]
[PlyCount "138"]
[EventDate "2018.05.05"]
[EventType "team"]
[EventRounds "2"]
[EventCountry "CAN"]

1. e4 c5 2. Nf3 d6 3. Bb5+ Bd7 4. Bxd7+ Qxd7 5. O-O Nf6 6. Re1 Nc6 7. c3 e6 8.
d4 cxd4 9. cxd4 d5 10. e5 Ng8 11. Nc3 Nge7 12. Bg5 Nf5 13. Qd2 h6 14. Be3 Be7
15. Rac1 O-O 16. h3 Na5 17. b3 Nc6 18. Bf4 a6 19. g4 Nh4 20. Nxh4 Bxh4 21. Na4
Bd8 22. Nc5 Qe7 23. Qe3 Bb6 24. a3 Bxc5 25. Rxc5 f5 26. g5 h5 27. Kh1 g6 28. b4
Rfc8 29. Rec1 Qd7 30. Qc3 Kf7 31. a4 Ke8 32. b5 axb5 33. axb5 Ne7 34. Rxc8+
Rxc8 35. Qb4 Rc4 36. Rxc4 dxc4 37. Qxc4 Qd5+ 38. Qxd5 Nxd5 39. Bd2 b6 40. Kg1
Nc7 41. Be3 Nxb5 42. d5 exd5 43. Bxb6 Kd7 44. Kf1 f4 45. Ke2 Ke6 46. Kd3 Kxe5
47. Bd8 Kf5 48. Bf6 Nd6 49. f3 Nf7 50. h4 Nd6 51. Bd4 Ke6 52. Bf2 Nf5 53. Be1
Ke5 54. Bf2 d4 55. Be1 Kd5 56. Bf2 Ne3 57. Be1 Nc4 58. Bf2 Ne5+ 59. Ke2 d3+ 60.
Kd2 Kc4 61. Kd1 Nxf3 62. Kc1 Kc3 63. Kd1 d2 64. Bb6 Kd3 65. Ba5 Nxh4 66. Bxd2
f3 67. Be1 Ng2 68. Bf2 h4 69. Bg1 h3 0-1

[Event "Intermat"]
[Site "Vancouver CAN"]
[Date "2018.05.05"]
[Round "2.17"]
[White "Zhang, Kyle"]
[Black "Hemstapat, Andrew"]
[Result "0-1"]
[WhiteElo "1708"]
[BlackElo "2242"]
[PlyCount "60"]
[EventDate "2018.05.05"]
[EventType "team"]
[EventRounds "2"]
[EventCountry "CAN"]

1. e4 e6 2. d4 d5 3. Nd2 c5 4. c3 Nc6 5. Ngf3 Nf6 6. e5 Nd7 7. Bd3 cxd4 8. cxd4
Qb6 9. Nb3 f6 10. exf6 Nxf6 11. O-O Bd6 12. Be3 O-O 13. Qd2 Bd7 14. Bf4 Ne4 15.
Bxe4 Bxf4 16. Bxh7+ Kxh7 17. Qd3+ Kg8 18. Rfd1 Rf6 19. a3 Be8 20. Qe2 Qxb3 21.
Rd3 Qb6 22. Rad1 Bh5 23. Qc2 Raf8 24. Rb3 Qa6 25. Rdd3 Bb8 26. Ne1 Nxd4 27.
Rxd4 Rxf2 28. Qxf2 Rxf2 29. Kxf2 Qe2+ 30. Kg1 Qxe1# 0-1

[Event "Intermat"]
[Site "Vancouver CAN"]
[Date "2018.05.05"]
[Round "2.18"]
[White "Brown, Northern"]
[Black "Zheng, Victor"]
[Result "0-1"]
[WhiteElo "1772"]
[BlackElo "1808"]
[PlyCount "80"]
[EventDate "2018.05.05"]
[EventType "team"]
[EventRounds "2"]
[EventCountry "CAN"]

1. Nf3 Nf6 2. g3 g6 3. Bg2 Bg7 4. O-O c5 5. d3 O-O 6. Nbd2 Nc6 7. e4 d6 8. Re1
Rb8 9. a4 a6 10. e5 dxe5 11. Nxe5 Nxe5 12. Rxe5 Qc7 13. Nf3 Ng4 14. Re1 Ne5 15.
Nxe5 Bxe5 16. Rxe5 Qxe5 17. Bf4 Qxb2 18. Bxb8 Bg4 19. f3 Qd4+ 20. Kf1 Bd7 21.
Bf4 e5 22. Bd2 Bxa4 23. Bc3 Qxc3 24. Rxa4 Rd8 25. Ke2 Rd4 26. Rxd4 Qxd4 27. Qe1
c4 28. Qd1 cxd3+ 29. cxd3 b5 30. Bh3 a5 31. Qc1 a4 32. Bc8 Qb4 33. Bb7 Qb3 34.
Qd1 Qb2+ 35. Qd2 Qd4 36. Kd1 a3 37. Be4 Qg1+ 38. Ke2 Qg2+ 39. Kd1 Qxd2+ 40.
Kxd2 a2 0-1

[Event "Intermat"]
[Site "Vancouver CAN"]
[Date "2018.05.05"]
[Round "2.19"]
[White "Ranganathan, Ananta"]
[Black "Chung, Alec"]
[Result "1-0"]
[WhiteElo "1769"]
[BlackElo "1872"]
[PlyCount "111"]
[EventDate "2018.05.05"]
[EventType "team"]
[EventRounds "2"]
[EventCountry "CAN"]

1. c4 Nf6 2. Nc3 d5 3. cxd5 Nxd5 4. g3 g6 5. Bg2 Nxc3 6. bxc3 Bg7 7. Nf3 O-O 8.
O-O c5 9. Rb1 Nc6 10. e3 Qc7 11. d4 Bf5 12. Rb2 Rfd8 13. Qb3 Rab8 14. Re1 Be6
15. Qc2 b6 16. Rd1 h6 17. e4 Bg4 18. Be3 Rbc8 19. e5 cxd4 20. cxd4 Bxf3 21.
Bxf3 Nxe5 22. dxe5 Qxe5 23. Rxd8+ Rxd8 24. Rb1 Qf6 25. Bg2 Qe6 26. Qb3 Qd7 27.
Bf3 Qf5 28. Be2 Rc8 29. Rc1 Rd8 30. Qb4 e6 31. Qe7 Rd5 32. Qxa7 Ra5 33. Qxb6
Rxa2 34. Qb5 Qxb5 35. Bxb5 Rb2 36. Bf1 f5 37. Rc6 e5 38. Rxg6 Kh7 39. Rb6 Rxb6
40. Bxb6 Kg6 41. Be2 f4 42. Bc7 Kf5 43. Kg2 Bf6 44. f3 fxg3 45. hxg3 Bg5 46.
Bd3+ Ke6 47. Ba5 Kd5 48. Bc3 Kd6 49. Kh3 Ke6 50. Kg4 Bc1 51. Bc4+ Kd6 52. Kf5
Bg5 53. Bxe5+ Ke7 54. f4 Bxf4 55. Bxf4 h5 56. Kg5 1-0

[Event "Intermat"]
[Site "Vancouver CAN"]
[Date "2018.05.05"]
[Round "2.20"]
[White "Farny, Andreas"]
[Black "Yang, Brian"]
[Result "1/2-1/2"]
[WhiteElo "1928"]
[BlackElo "1712"]
[PlyCount "79"]
[EventDate "2018.05.05"]
[EventType "team"]
[EventRounds "2"]
[EventCountry "CAN"]

1. e4 c5 2. Nf3 e6 3. d4 cxd4 4. Nxd4 a6 5. Be3 Qc7 6. c4 Nf6 7. Bd3 d6 8. Nc3
b6 9. O-O Bb7 10. Rc1 Nbd7 11. b4 Be7 12. f4 Rc8 13. a3 O-O 14. g4 g6 15. f5
Ne5 16. h3 exf5 17. Nd5 Nxd5 18. cxd5 Qd7 19. gxf5 Rxc1 20. Bxc1 Rc8 21. Bb2
Bg5 22. Kh2 Re8 23. fxg6 hxg6 24. Nf3 Bf4+ 25. Kg2 Bc8 26. Rh1 Nxf3 27. Qxf3
Be5 28. Bxe5 Rxe5 29. Qf6 Qc7 30. Rf1 Rh5 31. h4 Qd7 32. Rf4 g5 33. Rf5 gxh4
34. Rg5+ Rxg5+ 35. Qxg5+ Kf8 36. Qh6+ Kg8 37. Qg5+ Kf8 38. Qh6+ Kg8 39. Qg5+
Kf8 40. Qh6+ 1/2-1/2

[Event "Intermat"]
[Site "Vancouver CAN"]
[Date "2018.05.05"]
[Round "2.21"]
[White "Lewis-Sandy, Joshua"]
[Black "Doknjas, Joshua"]
[Result "0-1"]
[WhiteElo "1944"]
[BlackElo "2257"]
[PlyCount "60"]
[EventDate "2018.05.05"]
[EventType "team"]
[EventRounds "2"]
[EventCountry "CAN"]

1. e4 c5 2. Nf3 d6 3. Bb5+ Nd7 4. O-O a6 5. Bxd7+ Bxd7 6. Re1 Bg4 7. h3 Bh5 8.
d4 cxd4 9. c3 dxc3 10. Nxc3 Nf6 11. Nd5 Nd7 12. g4 Bg6 13. Bg5 f6 14. Rc1 Rc8
15. Bd2 e6 16. Ba5 Rxc1 17. Qxc1 Qxa5 18. Qc8+ Qd8 19. Nc7+ Ke7 20. Qxb7 Qb8
21. Qc6 Qb6 22. Qc4 Nc5 23. b4 Qxc7 24. bxc5 Qxc5 25. Qxa6 Kf7 26. Qb7+ Be7 27.
h4 h5 28. g5 Rc8 29. Rd1 Qc6 30. Qb3 Qxe4 0-1

[Event "Intermat"]
[Site "Vancouver CAN"]
[Date "2018.05.05"]
[Round "2.22"]
[White "Ramasamy, Vikram"]
[Black "Su, Michael"]
[Result "1-0"]
[WhiteElo "2175"]
[BlackElo "2009"]
[PlyCount "63"]
[EventDate "2018.05.05"]
[EventType "team"]
[EventRounds "2"]
[EventCountry "CAN"]

1. e4 e6 2. d4 d5 3. Nd2 Nf6 4. e5 Nfd7 5. Bd3 c5 6. c3 Nc6 7. Ne2 cxd4 8. cxd4
f6 9. exf6 Nxf6 10. Nf3 Bd6 11. O-O Qc7 12. Nc3 a6 13. Bg5 O-O 14. Rc1 Bd7 15.
Bb1 Rac8 16. Qd3 Nb4 17. Qd2 Qb8 18. a3 Nc6 19. Qd3 Be8 20. Qe3 h6 21. Bh4 Bf4
22. Qxe6+ Bf7 23. Qh3 Bxc1 24. Bxf6 gxf6 25. Qf5 Rfe8 26. Rxc1 Qd6 27. Nh4 Nxd4
28. Qg4+ Kf8 29. Qxd4 Rc4 30. Nf5 Qc6 31. Qd2 Rd8 32. Re1 1-0

[Event "Intermat"]
[Site "Vancouver CAN"]
[Date "2018.05.05"]
[Round "2.23"]
[White "Hua, Tian"]
[Black "Zheng, Maven"]
[Result "0-1"]
[WhiteElo "1240"]
[BlackElo "1932"]
[PlyCount "92"]
[EventDate "2018.05.05"]
[EventType "team"]
[EventRounds "2"]
[EventCountry "CAN"]

1. c4 e6 2. e4 c5 3. Nc3 Nc6 4. Nge2 Nf6 5. d3 g6 6. g3 Bg7 7. Bd2 O-O 8. a3 d5
9. Qc2 dxc4 10. dxc4 Ne5 11. Ng1 Qe7 12. O-O-O Nfg4 13. Be1 b6 14. h3 Bh6+ 15.
Kb1 Nf6 16. f4 Nc6 17. Bd2 Nd4 18. Qd3 Bb7 19. Nf3 Rfd8 20. Qe3 Nh5 21. Qf2 f5
22. Re1 Nxf3 23. Qxf3 Rxd2 24. Qe3 Rd4 25. Bd3 Rad8 26. Rd1 fxe4 27. Be2 Nf6
28. Rhf1 e5 29. Qg1 exf4 30. gxf4 Rxd1+ 31. Bxd1 Qd6 32. f5 Kg7 33. Bc2 Qd4 34.
Qg3 Qxc4 35. Qc7+ Rd7 36. Qe5 Qxf1+ 37. Ka2 Qxf5 38. Qb8 Qxh3 39. Qxa7 Bd5+ 40.
Nxd5 Rxa7 41. Nxf6 Kxf6 42. Bxe4 Qe6+ 43. Ka1 Qxe4 44. Ka2 Qc2 45. Ka1 Bc1 46.
b3 Rxa3# 0-1

[Event "Intermat"]
[Site "Vancouver CAN"]
[Date "2018.05.05"]
[Round "2.24"]
[White "Ahluwalia, Anshul"]
[Black "Li, Kevin"]
[Result "0-1"]
[WhiteElo "1827"]
[BlackElo "1851"]
[PlyCount "80"]
[EventDate "2018.05.05"]
[EventType "team"]
[EventRounds "2"]
[EventCountry "CAN"]

1. d4 Nf6 2. c4 e6 3. g3 Bb4+ 4. Bd2 Be7 5. Bg2 d5 6. Nf3 O-O 7. O-O b6 8. Qc2
Bb7 9. Bf4 c5 10. Rd1 Nbd7 11. b3 cxd4 12. Rxd4 Bc5 13. Rd1 Ne4 14. Rf1 Qe7 15.
Nc3 Ndf6 16. Ng5 Nxc3 17. Qxc3 h6 18. Nf3 Ne4 19. Qc2 Rfd8 20. Be5 f6 21. Bb2
Rac8 22. Rad1 dxc4 23. Rxd8+ Qxd8 24. bxc4 Nd6 25. Rd1 Qe7 26. Nd4 Bxd4 27.
Rxd4 Bxg2 28. Kxg2 Qc7 29. c5 bxc5 30. Rg4 e5 31. Qg6 Kh8 32. Bc1 Qf7 33. Qd3
Nb7 34. Ra4 a5 35. Rc4 Rd8 36. Qc2 Qd5+ 37. e4 Qd3 38. Be3 Kg8 39. Bxc5 Qxc2
40. Rxc2 Rc8 0-1